000 00806nam a2200241 a 4500
005 19900403133224.3
008 851206s1986 flua b 001 0 eng
010 _aENG-91638
020 _a9788120336339
_c325.00
035 _aEN-75171
037 _bDBAD / PUB
040 _adpl
_bEnglish
082 _a658.87
245 _aMarketing channels /
_cby Anne T. Coughlan...[et al]
250 _a7th ed
260 _aNew Delhi
_bPHI Learning
_c2008
300 _axxii, 602p.
_c24 cm. (pbk)
500 _aIncludes index
504 _a
650 _aMarketing channels
942 _2ddc
_cEN
_mMAR
_h658.87
999 _c18633
_d18633